<The> Economic journal <The> Quarterly Journal of the Royal Economic Society

Uložené v:
Podrobná bibliografia
Médium: Seriál
Jazyk:English
Vydavateľské údaje: Oxford Blackwell 1990
Predmet:
Tagy: Pridať tag
Žiadne tagy, Buďte prvý, kto otaguje tento záznam!

MARC

LEADER 00000nas2a2200000 4500
001 s006773
005 20041019155327.5
022 |a 0013-0133 
041 0 |a eng 
044 |a GB 
245 1 0 |a <The> Economic journal  |b <The> Quarterly Journal of the Royal Economic Society 
264 1 |a Oxford  |b Blackwell  |c 1990 
773 0 |w eu_un_cat*s120145 
610 2 0 |a ekonómia 
610 2 0 |a politika buržoázna